000 02001nam a2200349 a 4500
001 ebr10506494
003 CaPaEBR
006 m u
007 cr cn|||||||||
008 081105s2009 vauak s 001 0 eng d
010 _z 2008046858
020 _z9781586441432
020 _z9781586442538 (e-book)
040 _aCaPaEBR
_cCaPaEBR
035 _a(OCoLC)759101541
043 _an-us---
050 1 4 _aKF4829
_b.S57 2009eb
082 0 4 _a342.7308/2
_222
100 1 _aSiskind, Gregory H.
245 1 4 _aThe employer's immigration compliance desk reference
_h[electronic resource] /
_cby Greg H. Siskind.
260 _aAlexandria, Va. :
_bSociety for Human Resource Management,
_cc2009.
300 _a275 p. :
_bill., forms.
500 _aIncludes index.
505 0 _aForm I-9 general concepts -- Completing the form I-9 -- Reverification -- Recordkeeping -- Electronic I-9 systems -- Knowledge of unlawful immigration status -- Unfair employment immigration practices -- Penalties and other risks -- Immigration Reform and Control Act (IRCA) compliance tips -- Conducting an I-9 self-audit -- E-Verify, IMAGE, and SSNVS -- Social security no-match letters -- Mergers and acquisitions -- Criminal law and employer immigration law compliance (with Jonathan L. Marks) -- Layoffs and downsizing -- State employer immigration laws -- Nonimmigrant visas -- Immigrant visas (the "Green Card") -- Asylees and refugees.
533 _aElectronic reproduction.
_bPalo Alto, Calif. :
_cebrary,
_d2011.
_nAvailable via World Wide Web.
_nAccess may be limited to ebrary affiliated libraries.
650 0 _aForeign workers
_xLegal status, laws, etc.
_zUnited States.
650 0 _aForeign worker certification
_zUnited States.
650 0 _aEmigration and immigration law
_zUnited States.
655 7 _aElectronic books.
_2local
710 2 _aebrary, Inc.
856 4 0 _uhttp://site.ebrary.com/lib/rucke/Doc?id=10506494
_zAn electronic book accessible through the World Wide Web; click to view
999 _c117870
_d117870